[Event "Subcarpathian-chT"]
[Site "Bystre"]
[Date "2021.06.10"]
[Round "2.17"]
[White "Jaszczuk, Mateusz"]
[Black "Tokarz, Izabela"]
[Result "0-1"]
[WhiteElo "1547"]
[BlackElo "1621"]
[PlyCount "118"]
[EventDate "2021.06.09"]
[EventType "team-tourn"]
[EventRounds "9"]
[EventCountry "POL"]
[SourceTitle "EXT 2022"]
[Source "ChessBase"]
[SourceDate "2021.10.06"]
[SourceVersion "1"]
[SourceVersionDate "2021.10.06"]
[SourceQuality "1"]

1. d4 Nf6 2. c4 g6 3. Nc3 Bg7 4. e4 d6 5. g3 0-0 6. Bg2 Nbd7 7. Nge2 e5 8. 0-0 Ne8 9. Be3 f5 10. exf5 gxf5 11. dxe5 Nxe5 12. Qd5+ Kh8 13. b3 Nf6 14. Qd2 Neg4 15. Bd4 Qe7 16. h3 Ne5 17. f4 Nc6 18. Rae1 Qf7 19. Bf2 Bd7 20. Nd4 Rae8 21. Qd3 Qg6 22. Kh2 Qh5 23. Kg1 Ne4 24. Nxe4 fxe4 25. Bxe4 Bxh3 26. Bg2 Nb4 27. Qd2 c5 28. Nf3 Bg4 29. Ng5 Be2 30. Qxd6 Bxf1 31. Rxf1 b6 32. a3 Nc2 33. Be4 Nd4 34. Kg2 Rf6 35. Qd5 Bh6 36. Rh1 Qg4 37. Nf7+ Rxf7 38. Qxf7 Rxe4 39. Rxh6 Qf3+ 40. Kh2 Qxf2+ 41. Kh3 Qf1+ 42. Kg4 Qf3+ 43. Kh4 Qh1+ 44. Kg5 Nf3+ 45. Kf5 Qxh6 46. Kxe4 Nd2+ 47. Ke3 Nxb3 48. Qxa7 Qe6+ 49. Kf2 Nd4 50. Kg2 Kg8 51. a4 Nf5 52. a5 Qe2+ 53. Kh3 bxa5 54. Qb8+ Kf7 55. Qc7+ Kf6 56. Qd8+ Qe7 57. Qxa5 Nd4 58. Qa8 Qe6+ 59. Kg2 Qc6+ 0-1

[Event "EU-chT U18"]
[Site "Rymanow Zdroj"]
[Date "2017.08.23"]
[Round "6.9"]
[White "Jaszczuk, Mateusz"]
[Black "Haring, Filip"]
[Result "0-1"]
[WhiteElo "1472"]
[BlackElo "2258"]
[PlyCount "60"]
[EventDate "2017.08.17"]
[EventType "team-swiss"]
[EventRounds "7"]
[EventCountry "POL"]
[SourceTitle "CBM 180 Extra"]
[Source "ChessBase"]
[SourceDate "2017.10.06"]
[SourceVersion "1"]
[SourceVersionDate "2017.10.06"]
[SourceQuality "1"]
[WhiteTeam "Poland U18 V"]
[BlackTeam "Slovakia U18 II"]
[WhiteTeamCountry "POL"]
[BlackTeamCountry "SVK"]

1. c4 e5 2. Nc3 Nf6 3. g3 d5 4. cxd5 Nxd5 5. Bg2 Nb6 6. Nf3 Nc6 7. d3 Be7 8. 0-0 0-0 9. a3 Be6 10. b4 f6 11. Bb2 a5 12. b5 Nd4 13. Nxd4 exd4 14. Na4 Bd5 15. Nxb6 cxb6 16. Bxd5+ Qxd5 17. Qa4 Bc5 18. Rac1 Kh8 19. Rc4 Rad8 20. Rfc1 f5 21. Qd1 f4 22. Ra4 fxg3 23. hxg3 Qf7 24. f3 Qg6 25. Qe1 Rd5 26. Qf2 Rh5 27. Bxd4 Qh6 28. f4 Rh1+ 29. Kg2 Rxc1 30. Bxc5 Qh1# 0-1

[Event "EU-chT U18"]
[Site "Rymanow Zdroj"]
[Date "2017.08.21"]
[Round "5.10"]
[White "Brinovec, David"]
[Black "Jaszczuk, Mateusz"]
[Result "1-0"]
[WhiteElo "2178"]
[BlackElo "1472"]
[PlyCount "83"]
[EventDate "2017.08.17"]
[EventType "team-swiss"]
[EventRounds "7"]
[EventCountry "POL"]
[SourceTitle "CBM 180 Extra"]
[Source "ChessBase"]
[SourceDate "2017.10.06"]
[SourceVersion "1"]
[SourceVersionDate "2017.10.06"]
[SourceQuality "1"]
[WhiteTeam "Slovenia U18"]
[BlackTeam "Poland U18 V"]
[WhiteTeamCountry "SLO"]
[BlackTeamCountry "POL"]

1. e4 c5 2. c3 Nc6 3. d4 cxd4 4. cxd4 d5 5. exd5 Qxd5 6. Nf3 Nf6 7. Nc3 Qd8 8. d5 Nb8 9. Bc4 e6 10. Bb5+ Bd7 11. dxe6 fxe6 12. 0-0 Nc6 13. Ng5 h6 14. Nge4 Ne5 15. Nd6+ Bxd6 16. Qxd6 Bxb5 17. Qxe6+ Qe7 18. Qxe7+ Kxe7 19. Nxb5 Nd3 20. Be3 Nxb2 21. Bxa7 Nd3 22. g3 Rac8 23. Rfd1 Rhd8 24. Rd2 Rd5 25. a4 Rcd8 26. Rb1 R8d7 27. Nc3 Ra5 28. Bb6 Rf5 29. Nb5 Ng4 30. Nd4 Rfd5 31. Rxd3 Kf7 32. f4 Nf6 33. Rbd1 R7d6 34. Nb5 Rxb6 35. Rxd5 Nxd5 36. Rxd5 Ke6 37. Nc7+ Kf6 38. Rb5 Rc6 39. Rxb7 Rc1+ 40. Kg2 Ra1 41. Ra7 Ra2+ 42. Kh3 1-0

[Event "POL-chT U20 2nd League"]
[Site "Szczyrk"]
[Date "2017.07.22"]
[Round "1.15"]
[White "Jaszczuk, Mateusz"]
[Black "Grochol, Kamil"]
[Result "0-1"]
[WhiteElo "1472"]
[BlackElo "1688"]
[PlyCount "118"]
[EventDate "2017.07.22"]
[EventType "team-swiss"]
[EventRounds "11"]
[EventCountry "POL"]
[SourceTitle "EXT 2019"]
[Source "ChessBase"]
[SourceDate "2018.10.10"]
[SourceVersion "1"]
[SourceVersionDate "2018.10.10"]
[SourceQuality "1"]

1. e4 c5 2. Nf3 Nc6 3. d4 cxd4 4. Nxd4 e5 5. Nxc6 bxc6 6. Bc4 Nf6 7. Nc3 Be7 8. 0-0 d6 9. Kh1 Be6 10. Qe2 0-0 11. f4 exf4 12. Bxe6 fxe6 13. e5 Nd5 14. Nxd5 cxd5 15. Bxf4 Qd7 16. Rae1 Rae8 17. Qg4 dxe5 18. Bxe5 Rxf1+ 19. Rxf1 Bd6 20. Qd4 Bxe5 21. Qxe5 Rf8 22. Re1 Rf2 23. Qc3 d4 24. Qc4 Qd5 25. Qc8+ Kf7 26. Qc7+ Kf6 27. Qg3 Qf5 28. Kg1 Rf4 29. Qb3 e5 30. Qd5 Qe6 31. Qd8+ Kg6 32. h4 h6 33. Qa5 e4 34. h5+ Kh7 35. Qxa7 e3 36. Qa3 Qe4 37. Qd3 Qxd3 38. cxd3 Rf2 39. b4 Rxa2 40. Rb1 Rd2 41. b5 e2 42. Re1 Rxd3 43. Rxe2 Rb3 44. Rd2 Rxb5 45. Rxd4 Rxh5 46. g4 Rh4 47. Kg2 h5 48. Kg3 Rxg4+ 49. Rxg4 hxg4 50. Kxg4 Kg6 51. Kf4 Kh5 52. Kg3 Kg5 53. Kg2 Kg4 54. Kh2 Kf3 55. Kh3 g5 56. Kh2 g4 57. Kg1 Kg3 58. Kh1 Kf2 59. Kh2 g3+ 0-1

[Event "POL-chT U19 2nd League"]
[Site "Iwonicz"]
[Date "2016.07.31"]
[Round "10.69"]
[White "Strugacz, Michal"]
[Black "Jaszczuk, Mateusz"]
[Result "1-0"]
[WhiteElo "1259"]
[BlackElo "1337"]
[PlyCount "61"]
[EventDate "2016.07.23"]
[EventType "team-swiss"]
[EventRounds "11"]
[EventCountry "POL"]
[SourceTitle "EXT 2019"]
[Source "ChessBase"]
[SourceDate "2018.10.10"]
[SourceVersion "1"]
[SourceVersionDate "2018.10.10"]
[SourceQuality "1"]
[WhiteTeam "Czestochowa UKS Hetman U19"]
[BlackTeam "Krosno KKSz Urania U19"]
[WhiteTeamCountry "POL"]
[BlackTeamCountry "POL"]

1. e4 c5 2. Nf3 Nc6 3. Bb5 g6 4. Bxc6 bxc6 5. 0-0 Bg7 6. d4 cxd4 7. Nxd4 c5 8. Nb3 d6 9. Nc3 a5 10. Bf4 a4 11. Nd2 a3 12. Qf3 axb2 13. Rab1 Ra3 14. e5 d5 15. Nb3 c4 16. Nd4 Bd7 17. Rxb2 e6 18. Rfb1 Ne7 19. Rb8 Nc8 20. Bc1 Ra5 21. Bf4 Ra3 22. Bc1 Ra5 23. Qg3 0-0 24. Ncb5 Bxb5 25. Nxb5 Qd7 26. Nd6 h5 27. R1b7 Qc6 28. Nxc8 Rxc8 29. Qf4 f5 30. exf6 Bf8 31. Qg5 1-0

[Event "POL-chT U19 2nd League"]
[Site "Szczyrk"]
[Date "2014.07.31"]
[Round "9.69"]
[White "Koszewski, Daniel"]
[Black "Jaszczuk, Mateusz"]
[Result "1-0"]
[WhiteElo "1511"]
[BlackElo "1426"]
[PlyCount "77"]
[EventDate "2014.07.25"]
[EventType "team-swiss"]
[EventRounds "11"]
[EventCountry "POL"]
[SourceTitle "EXT 2015"]
[Source "ChessBase"]
[SourceDate "2014.11.20"]
[SourceVersion "1"]
[SourceVersionDate "2014.11.20"]
[SourceQuality "1"]
[WhiteTeam "Mikolow AKS U19"]
[BlackTeam "Krosno KKSz Urania U19"]
[WhiteTeamCountry "POL"]
[BlackTeamCountry "POL"]

1. e4 c5 2. Nc3 Nc6 3. g3 g6 4. Bg2 Bg7 5. d3 d6 6. Be3 Nf6 7. h3 0-0 8. Qd2 a6 9. f4 Rb8 10. Nf3 b5 11. g4 Bb7 12. 0-0 b4 13. Ne2 a5 14. Ng3 Qc7 15. g5 Nd7 16. h4 Bxb2 17. Rab1 Bg7 18. h5 Nb6 19. Nh4 Bc3 20. Qf2 Na4 21. f5 Ne5 22. Bh3 Qb6 23. f6 exf6 24. gxf6 Qc7 25. Kh1 Bc8 26. Bxc8 Rbxc8 27. Bh6 Rfe8 28. Bg7 Nb6 29. Ngf5 Ng4 30. Nh6+ Nxh6 31. Bxh6 Nd7 32. Bg7 Qd8 33. Qf4 Be5 34. Qg5 Rf8 35. h6 Re8 36. Nxg6 Bxf6 37. Rxf6 Nxf6 38. Bxf6 Qd7 39. Ne7+ 1-0

[Event "POL-chT U19 2nd League"]
[Site "Szczyrk"]
[Date "2014.07.26"]
[Round "2.94"]
[White "Szczapa, Piotr"]
[Black "Jaszczuk, Mateusz"]
[Result "0-1"]
[WhiteElo "1170"]
[BlackElo "1426"]
[PlyCount "120"]
[EventDate "2014.07.25"]
[EventType "team-swiss"]
[EventRounds "11"]
[EventCountry "POL"]
[SourceTitle "EXT 2015"]
[Source "ChessBase"]
[SourceDate "2014.11.20"]
[SourceVersion "1"]
[SourceVersionDate "2014.11.20"]
[SourceQuality "1"]
[WhiteTeam "Zielonka Zieloni U19"]
[BlackTeam "Krosno KKSz Urania U19"]
[WhiteTeamCountry "POL"]
[BlackTeamCountry "POL"]

1. e4 c5 2. Nc3 Nc6 3. g3 g6 4. Bg2 Bg7 5. d3 d6 6. Be3 Nf6 7. h3 0-0 8. Qd2 a6 9. Nge2 Rb8 10. 0-0 b5 11. f4 Bb7 12. g4 Qc7 13. f5 b4 14. Nd1 a5 15. Ng3 Qd8 16. Bh6 Re8 17. Nh5 Bh8 18. Qf4 Ne5 19. Ng3 Qb6 20. Ne2 Ba6 21. Ne3 c4 22. d4 c3 23. dxe5 Bxe2 24. Rf2 dxe5 25. Qg5 Nxe4 26. Qh4 Nxf2 27. Qxf2 cxb2 28. Rb1 Ba6 29. Bd5 Bg7 30. fxg6 Qxg6 31. Bxg7 Qxg7 32. Nf5 Qf6 33. Bb3 e6 34. Nd6 Qxf2+ 35. Kxf2 Red8 36. Ne4 Bb5 37. c3 a4 38. Bd1 Bd3 39. Rxb2 Bxe4 40. cxb4 Rxd1 41. a3 Bd5 42. b5 Ra1 43. b6 Rxa3 44. h4 Ra2 45. Rxa2 Bxa2 46. Ke3 Rxb6 47. Ke4 Rb4+ 48. Kxe5 Bd5 49. Kf6 Rxg4 50. Ke5 Rxh4 51. Kf6 e5 52. Kxe5 f6+ 53. Kxd5 f5 54. Ke5 a3 55. Kxf5 Rc4 56. Kg5 h5 57. Kxh5 a2 58. Kg5 a1R 59. Kh5 Rg1 60. Kh6 Rh4# 0-1